ロード中...

People and performance: The best of Peter Drucker on management

書誌詳細
第一著者: Drucker, Peter F
フォーマット: Printed Book
出版事項: Allied Pub: New Delhi 1993
主題:
LEADER 00555nam a2200193 4500
020 |a 817023106x 
082 |a 658.3P DRU 
100 |a Drucker, Peter F 
245 |a People and performance: The best of Peter Drucker on management  |c Drucker, Peter F 
250
260 |a Allied Pub: New Delhi  |c 1993 
300 |a 357 p 
490
500
590
650 |a Performance management 
942 |c BK 
999 |c 134999  |d 134999 
952 |0 0  |1 0  |4 0  |6 658_000000000000000_3P_DRU  |7 0  |9 148459  |a IMK  |b IMK  |l 0  |o 658.3P DRU  |p IMK02005  |r 2019-10-25  |w 2019-10-25  |y BK